| 000 | 00796nam a2200253Ia 4500 | ||
|---|---|---|---|
| 003 | OSt | ||
| 005 | 20221005104549.0 | ||
| 006 | a|||||r|||| 00| 0 | ||
| 007 | ta | ||
| 008 | 221004b |||||||| |||| 00| 0 hin d | ||
| 024 | _a31908 | ||
| 037 | _cTextual | ||
| 040 |
_aCRL _cCRL _bhin |
||
| 041 |
_2hin _ahin |
||
| 082 | _aO152,3N161,27, M2 | ||
| 100 | _aनागर, अमृतलाल | ||
| 245 | 0 | _aबिखरे तिनके | |
| 246 | _aBikhare tinake | ||
| 260 |
_aदिल्ली _bराजपाल एण्ड सन्ज़ भारत _c1982 |
||
| 300 |
_a109पृ. _ccm. |
||
| 650 | _aहिन्दी कहानी | ||
| 942 |
_hO152,3N161,27, M2 _cTEXL _2cc |
||
| 999 |
_c1013107 _d1013107 |
||